000 00434nam a2200193Ia 4500
008 210210b1937 xxu||||| |||| 00| 0 eng d
041 _aeng
082 _a444/520
100 _aRENAULT
245 _aKey to commercial french
260 _aLondon
_bMethuen and Company Limited
_c1937
650 _ato
650 _aKey
650 _afrench
650 _acommercial
690 _aFrench
700 _aWRIGHT
906 _a006714
999 _c129704
_d129704